000 00670nam a2200217Ia 4500
999 _c37725
_d37725
001 3700
003 GE_BSU
005 20190628201529.0
008 181216s2004||||gw |||||||||||||| ||goh||
020 _a3851323815
040 _cGE_BSU
041 _agoh
080 _a32(430) C-80
100 _aComte, Auguste
_93109
245 _aSystem der positiven Politik. 1. /
_b
_cHalbbd. enthaltend die Widmung und den vorläufigen Diskurs. Übers. u. m. Anm. versehen v. Jürgen Brankel,
264 _aWien :
_bVerlag Turia + Kant,
_c2004.
300 _a390 p.;
_b 24 см.
653 _aSystem der positiven Politik
653 _aპოლიტიკა
942 _cBK
_2udc